000
00350nam a2200133Ia 4500
008
231129s9999||||xx |||||||||||||| ||spa||
020
_a
84-8280-982-2
040
_b
spa
082
_a
I823 D314an
100
_a
Defoe Daniel
245
0
_a
Diario del ano de la peste
264
_a
La Oveja Negra
942
_2
ddc
_c
BKS
999
_c
9222
_d
9222